Canciones dominicanas / (Record no. 32459)
[ view plain ]
| 000 -CABECERA | |
|---|---|
| campo de control de longitud fija | 00925nam a2200241 a 4500 |
| 001 - NÚMERO DE CONTROL | |
| campo de control | 000032968 |
| 005 - FECHA Y HORA DE LA ÚLTIMA TRANSACCIÓN | |
| campo de control | 20200930065937.0 |
| 008 - DATOS DE LONGITUD FIJA--INFORMACIÓN GENERAL | |
| campo de control de longitud fija | 110804s1972 dr ag 001 0 spa d |
| 040 ## - FUENTE DE LA CATALOGACIÓN | |
| Centro catalogador/agencia de origen | DO-SdBNP |
| Lengua de catalogación | spa |
| Centro/agencia transcriptor | BNPHU |
| 082 ## - NÚMERO DE LA CLASIFICACIÓN DECIMAL DEWEY | |
| Número de clasificación | 782.42163 |
| Número de documento/Ítem | G216c |
| 100 1# - ENTRADA PRINCIPAL--NOMBRE DE PERSONA | |
| Nombre de persona | García, Juan Francisco |
| 9 (RLIN) | 56020 |
| 245 10 - MENCIÓN DE TÍTULO | |
| Título | Canciones dominicanas / |
| Mención de responsabilidad, etc. | Juan Francisco García. |
| 260 ## - PUBLICACIÓN, DISTRIBUCIÓN, ETC. | |
| Lugar de publicación, distribución, etc. | Santo Domingo : |
| Nombre del editor, distribuidor, etc. | Universidad Autónoma de Santo Domingo, |
| Fecha de publicación, distribución, etc. | 1972. |
| 300 ## - DESCRIPCIÓN FÍSICA | |
| Extensión | 166 p. : |
| Otras características físicas | il., música ; |
| Dimensiones | 27 cm. |
| 490 1# - MENCIÓN DE SERIE | |
| Mención de serie | Publicaciones de la Universidad Autónoma de Santo Domingo |
| Designación de volumen o secuencia | 155 |
| 590 ## - NOTA LOCAL (RLIN) | |
| Nota local | Inventariado, 2018/LP |
| 650 #4 - PUNTO DE ACCESO ADICIONAL DE MATERIA--TÉRMINO DE MATERIA | |
| Término de materia o nombre geográfico como elemento de entrada | Música popular dominicana |
| 9 (RLIN) | 2541 |
| 650 #4 - PUNTO DE ACCESO ADICIONAL DE MATERIA--TÉRMINO DE MATERIA | |
| Término de materia o nombre geográfico como elemento de entrada | Música y canciones |
| 9 (RLIN) | 58651 |
| 650 #4 - PUNTO DE ACCESO ADICIONAL DE MATERIA--TÉRMINO DE MATERIA | |
| Término de materia o nombre geográfico como elemento de entrada | Canciones dominicanas |
| Subdivisión general | Textos |
| 9 (RLIN) | 58653 |
| 650 #4 - PUNTO DE ACCESO ADICIONAL DE MATERIA--TÉRMINO DE MATERIA | |
| Término de materia o nombre geográfico como elemento de entrada | Música dominicana |
| Subdivisión de forma | PARTITURAS |
| 9 (RLIN) | 58654 |
| 830 #0 - PUNTO DE ACCESO ADICIONAL DE SERIE-TÍTULO UNIFORME | |
| Título uniforme | Publicaciones de la Universidad Autónoma de Santo Domingo ; |
| Número de parte o sección de la obra | 155 |
| 9 (RLIN) | 54380 |
| 910 ## - DATOS DE OPCIÓN DEL USUARIO (OCLC) | |
| Datos de opción del usuario | Validado. Control de calidad EMS |
| Estado de retiro | Estado de pérdida | Restricciones de uso | No para préstamo | Código de colección | Localización permanente | Ubicación/localización actual | Ubicación en estantería | Fecha de adquisición | Número de inventario | Total de préstamos | Signatura topográfica completa | Código de barras | Fecha visto por última vez | Número de copia | Precio válido a partir de | Tipo de ítem Koha | Nota pública |
|---|---|---|---|---|---|---|---|---|---|---|---|---|---|---|---|---|---|
| Dominicana de Servicio | General | General | Depósito | 26.09.2013 | LF1 | 782.42163 G216c | 32968-30 | 25.06.2020 | e. 3 | 25.06.2020 | Libro y Folleto Colección Dominicana de Servicio | Dedicado por el autor | |||||
| Dominicana de Servicio | General | General | Depósito | 26.09.2013 | LF1 | 782.42163 G216c | 32968-40 | 25.06.2020 | e. 4 | 25.06.2020 | Libro y Folleto Colección Dominicana de Servicio | ||||||
| Excluido de préstamo | Raros y valiosos | Patrimonio Dominicano | Patrimonio Dominicano | Depósito | 04.08.2011 | LF1 | 782.42163 G216c | 32968-10 | 25.06.2020 | 25.06.2020 | No se presta | Perteneció a la biblioteca personal de Aida Cartagena Portalatín. Dedicado | |||||
| Excluido de préstamo | Raros y valiosos | Patrimonio Dominicano | Patrimonio Dominicano | Depósito | 04.08.2011 | LF1 | 782.42163 G216c | 32968-20 | 25.06.2020 | e. 2 | 25.06.2020 | No se presta | Perteneció a la biblioteca personal de Aida Cartagena Portalatín |
